00326pab a2200133 454500008004000000100002300040245004600063260000900109300001300118362000800131650002200139650002000161773001100181180718b2008 xxu||||| |||| 00| 0 eng d aLal, Ashwini Kumar aClimatic change: combating global warming c2008 ap.23-26. aJun aGreenhouse effect aClimatic change aYojana